| 000 | 00895 a2200301 4500 | ||
|---|---|---|---|
| 999 |
_c28761 _d28761 |
||
| 003 | NUST | ||
| 005 | 20180117111556.0 | ||
| 008 | 180117b xxu||||| |||| 00| 0 eng d | ||
| 020 | _a0521812607 | ||
| 020 | _a9780521812603 | ||
| 040 | _cNUST | ||
| 082 | 0 | 4 | _a530.11 |
| 100 | 1 |
_aSchwarz, Patricia M. _98495 |
|
| 245 | 1 | 0 |
_aSpecial relativity : _bfrom einstein to strings / _cPatricia M. Schwarz. |
| 260 |
_a[S.l.] : _bCambridge University Press, _c2004. |
||
| 300 |
_a388 p. ; _c26 cm. |
||
| 500 | _aHardcover. | ||
| 650 | 4 |
_aScience/Mathematics. _98496 |
|
| 650 | 4 |
_aPhysics. _9190 |
|
| 650 | 4 |
_aQuantum physics (quantum mechanics & quantum field theory) _98497 |
|
| 650 | 4 |
_aRelativity physics. _95786 |
|
| 650 | 4 |
_aTheoretical methods. _98498 |
|
| 650 | 4 |
_aScience. _96605 |
|
| 650 | 4 |
_aMathematical Physics. _98499 |
|
| 650 | 4 |
_aSpecial relativity (Physics) _98500 |
|
| 650 | 4 |
_aRelativity. _98501 |
|
| 650 | 4 |
_aScience / Cosmology. _98502 |
|
| 650 | 4 |
_aScience / Relativity. _98503 |
|
| 700 | 1 |
_aSchwarz, John H. _98504 |
|
| 942 |
_aSNS _cBK _k530.11 SCH _2ddc |
||